[Event "Warsaw YMCA Spring-A 273rd"]
[Site "Warsaw"]
[Date "2023.05.11"]
[Round "5"]
[White "Pichurko, Jakub"]
[Black "Mueck, Piotr"]
[Result "1/2-1/2"]
[WhiteElo "1631"]
[BlackElo "1347"]
[PlyCount "83"]
[EventDate "2023.04.13"]
[EventType "tourn"]
[EventRounds "11"]
[EventCountry "POL"]
[SourceTitle "EXT 2024"]
[Source "ChessBase"]
[SourceDate "2023.10.10"]
[SourceVersion "1"]
[SourceVersionDate "2023.10.10"]
[SourceQuality "1"]

1. d4 d5 2. Bf4 c5 3. e3 Nc6 4. c3 Nf6 5. Nd2 Bf5 6. Qb3 Qb6 7. dxc5 Qxb3 8. axb3 e5 9. Bg3 Bxc5 10. b4 Bd6 11. b5 Ne7 12. Ngf3 Nd7 13. Be2 0-0 14. 0-0 f6 15. Nh4 Be6 16. e4 Rfd8 17. exd5 Bxd5 18. Nc4 Bc7 19. Nf3 Nb6 20. Ne3 Be6 21. c4 Nf5 22. Nxf5 Bxf5 23. Rfd1 Rxd1+ 24. Rxd1 Na4 25. Nd4 Bc8 26. Ra1 Bb6 27. Rxa4 Bxd4 28. b3 Bf5 29. Bf3 Rb8 30. Ra2 Bc5 31. Bd5+ Kf8 32. b4 Bxb4 33. Rxa7 Bc8 34. Kf1 Bc5 35. Ra2 Ke7 36. f4 Bd4 37. fxe5 fxe5 38. Bf2 Kd6 39. Bxd4 exd4 40. Ke2 Kc5 41. h3 Bf5 42. g4 1/2-1/2

[Event "Warsaw YMCA Spring-A 273rd"]
[Site "Warsaw"]
[Date "2023.04.20"]
[Round "2"]
[White "Kurowski, Maciej"]
[Black "Pichurko, Jakub"]
[Result "1/2-1/2"]
[WhiteElo "1573"]
[BlackElo "1631"]
[PlyCount "74"]
[EventDate "2023.04.13"]
[EventType "tourn"]
[EventRounds "11"]
[EventCountry "POL"]
[SourceTitle "EXT 2024"]
[Source "ChessBase"]
[SourceDate "2023.10.10"]
[SourceVersion "1"]
[SourceVersionDate "2023.10.10"]
[SourceQuality "1"]

1. e4 d5 2. exd5 Qxd5 3. Nf3 Bg4 4. Be2 Nc6 5. d4 e5 6. Nc3 Bb4 7. 0-0 Bxc3 8. bxc3 exd4 9. Nxd4 Be6 10. Bf3 Qd7 11. Bxc6 bxc6 12. Nxe6 fxe6 13. Qh5+ Qf7 14. Qc5 Ne7 15. Bg5 h6 16. Bxe7 Qxe7 17. Qxc6+ Kf7 18. Rfe1 Rhe8 19. Rab1 Qd6 20. Qe4 Kg8 21. Rbd1 Qc5 22. Rd3 Qf5 23. Qc6 Rac8 24. h3 a5 25. Rde3 Qxc2 26. Rxe6 Rf8 27. R6e2 Qf5 28. Qe6+ Kh7 29. f3 Rcd8 30. Re4 Qc5+ 31. R1e3 a4 32. Qc4 Rd1+ 33. Kh2 Qd6+ 34. Re5 a3 35. Qe4+ Kh8 36. f4 Rd2 37. Re1 Rxa2 1/2-1/2

[Event "Warsaw YMCA Spring-A 273rd"]
[Site "Warsaw"]
[Date "2023.04.13"]
[Round "1"]
[White "Pichurko, Jakub"]
[Black "Bartczak, Hanna"]
[Result "1-0"]
[WhiteElo "1631"]
[BlackElo "1455"]
[PlyCount "75"]
[EventDate "2023.04.13"]
[EventType "tourn"]
[EventRounds "11"]
[EventCountry "POL"]
[SourceTitle "EXT 2024"]
[Source "ChessBase"]
[SourceDate "2023.10.10"]
[SourceVersion "1"]
[SourceVersionDate "2023.10.10"]
[SourceQuality "1"]

1. d4 d5 2. Bf4 c6 3. e3 e6 4. Nf3 f5 5. c4 Bd6 6. Bxd6 Qxd6 7. Nc3 Nf6 8. Ne5 0-0 9. c5 Qc7 10. b4 Nbd7 11. f4 Nxe5 12. fxe5 Ne4 13. Ne2 Qe7 14. g3 Qg5 15. Nf4 Bd7 16. Bd3 Nxg3 17. Rg1 Qh6 18. hxg3 g5 19. Qh5 Qg7 20. Ne2 Be8 21. Qh2 Bg6 22. Rh1 Rf7 23. Qh6 Qxh6 24. Rxh6 Kg7 25. Rh2 a5 26. b5 f4 27. Bxg6 hxg6 28. gxf4 cxb5 29. fxg5 Rf5 30. Nf4 Re8 31. Rg2 Kf7 32. Rb1 b4 33. a3 Rh8 34. Kd2 Ra8 35. Kc2 Ra7 36. axb4 axb4 37. Rxb4 Rxf4 38. exf4 1-0

[Event "Warsaw YMCA Autumn-B 265th"]
[Site "Warsaw"]
[Date "2022.11.16"]
[Round "8"]
[White "Pichurko, Jakub"]
[Black "Bartczak, Hanna"]
[Result "1/2-1/2"]
[WhiteElo "1698"]
[BlackElo "1501"]
[PlyCount "29"]
[EventDate "2022.09.28"]
[EventType "tourn"]
[EventRounds "13"]
[EventCountry "POL"]
[SourceTitle "EXT 2024"]
[Source "ChessBase"]
[SourceDate "2023.10.10"]
[SourceVersion "1"]
[SourceVersionDate "2023.10.10"]
[SourceQuality "1"]

1. d4 g6 2. Bf4 Bg7 3. Nc3 d6 4. e4 Nf6 5. Qd2 c6 6. Be2 Bd7 7. Nf3 b5 8. a3 0-0 9. 0-0 a5 10. e5 dxe5 11. Nxe5 Qb6 12. Bf3 Ra7 13. Rfe1 Rd8 14. Qe2 Be8 15. Be3 1/2-1/2

[Event "Warsaw YMCA Autumn-B 265th"]
[Site "Warsaw"]
[Date "2022.10.19"]
[Round "4"]
[White "Szumigaj, Marcin"]
[Black "Pichurko, Jakub"]
[Result "0-1"]
[WhiteElo "1510"]
[BlackElo "1698"]
[PlyCount "80"]
[EventDate "2022.09.28"]
[EventType "tourn"]
[EventRounds "13"]
[EventCountry "POL"]
[SourceTitle "EXT 2024"]
[Source "ChessBase"]
[SourceDate "2023.10.10"]
[SourceVersion "1"]
[SourceVersionDate "2023.10.10"]
[SourceQuality "1"]

1. d4 d5 2. Nf3 Nf6 3. c4 c6 4. g3 g6 5. Bg2 Bg7 6. 0-0 0-0 7. b3 Bf5 8. Bb2 Ne4 9. Nbd2 Nd7 10. Nh4 Nxd2 11. Qxd2 Be6 12. cxd5 cxd5 13. Rac1 Nf6 14. Qb4 b6 15. Nf3 a5 16. Qa3 b5 17. Qc5 Rb8 18. Ne5 Nd7 19. Qc7 Nxe5 20. dxe5 Rc8 21. Qxd8 Rfxd8 22. Rfd1 d4 23. Bb7 Rxc1 24. Rxc1 Bxe5 25. e3 Bf5 26. exd4 Bxd4 27. Bxd4 Rxd4 28. h4 Rd2 29. a4 bxa4 30. bxa4 Ra2 31. Bc6 Bc2 32. Re1 Bxa4 33. Bxa4 Rxa4 34. Rxe7 Ra2 35. Ra7 a4 36. Kg2 h5 37. Kf3 Kg7 38. Ke3 a3 39. f4 Ra1 40. f5 a2 0-1

[Event "Warsaw YMCA Spring-A 257th"]
[Site "Warsaw"]
[Date "2022.06.23"]
[Round "9"]
[White "Pichurko, Jakub"]
[Black "Sloniewski, Michal"]
[Result "0-1"]
[WhiteElo "1767"]
[BlackElo "1825"]
[PlyCount "78"]
[EventDate "2022.04.08"]
[EventType "tourn"]
[EventRounds "11"]
[EventCountry "POL"]
[SourceTitle "EXT 2023"]
[Source "ChessBase"]
[SourceDate "2022.10.05"]
[SourceVersion "1"]
[SourceVersionDate "2022.10.05"]
[SourceQuality "1"]

1. d4 Nf6 2. Nf3 a6 3. e3 c5 4. Bd3 d5 5. b3 Bg4 6. Bb2 e6 7. 0-0 Nc6 8. Nbd2 cxd4 9. exd4 Bd6 10. a3 0-0 11. Qe1 Re8 12. Ne5 Bf5 13. Rc1 Nd7 14. Bxf5 exf5 15. Nxc6 Bxh2+ 16. Kh1 bxc6 17. Qd1 Bf4 18. g3 Re6 19. Kg2 Qg5 20. Nf3 Qg4 21. Rb1 Rae8 22. Bc1 Bd6 23. Nh4 Re2 24. Qd3 R8e3 25. Qxe3 Rxe3 26. Bxe3 f4 27. Bd2 Nf6 28. Bb4 Bxb4 29. axb4 Ne4 30. Rh1 g5 31. Nf3 Nxf2 32. Kxf2 Qxg3+ 33. Ke2 Qg2+ 34. Kd3 Qxf3+ 35. Kd2 Qe3+ 36. Kd1 f3 37. Re1 Qxd4+ 38. Kc1 f2 39. Rd1 Qxd1+ 0-1

[Event "Warsaw YMCA Spring-A 257th"]
[Site "Warsaw"]
[Date "2022.06.10"]
[Round "10"]
[White "Moskwinski, Marek"]
[Black "Pichurko, Jakub"]
[Result "1/2-1/2"]
[WhiteElo "1856"]
[BlackElo "1767"]
[PlyCount "82"]
[EventDate "2022.04.08"]
[EventType "tourn"]
[EventRounds "11"]
[EventCountry "POL"]
[SourceTitle "EXT 2023"]
[Source "ChessBase"]
[SourceDate "2022.10.05"]
[SourceVersion "1"]
[SourceVersionDate "2022.10.05"]
[SourceQuality "1"]

1. e4 Nf6 2. Nc3 d5 3. exd5 Nxd5 4. Bc4 Nxc3 5. bxc3 c5 6. Nf3 e6 7. 0-0 Nc6 8. Re1 Be7 9. d4 0-0 10. Be3 Qa5 11. Qd2 cxd4 12. Nxd4 Rd8 13. Red1 Nxd4 14. cxd4 Qxd2 15. Rxd2 Bd7 16. d5 b6 17. Rad1 Rac8 18. Bb3 exd5 19. Bxd5 Ba4 20. Bb3 Bc6 21. Rxd8+ Rxd8 22. Rxd8+ Bxd8 23. Bd4 Kf8 24. f3 Bc7 25. Kf2 f6 26. g3 Bd6 27. Ke3 h5 28. c3 h4 29. f4 hxg3 30. hxg3 Ke7 31. Kd3 Bf3 32. Ke3 Bg4 33. Ke4 Bh3 34. a4 Bd7 35. a5 bxa5 36. Bxa7 a4 37. Ba2 g6 38. Kd4 g5 39. Bc5 gxf4 40. gxf4 Bf5 41. Bb4 Kd7 1/2-1/2

[Event "Warsaw YMCA Spring-B 258th"]
[Site "Warsaw"]
[Date "2022.06.09"]
[Round "10"]
[White "Pichurko, Jakub"]
[Black "Kacprzak, Karol"]
[Result "1/2-1/2"]
[WhiteElo "1767"]
[BlackElo "1699"]
[PlyCount "78"]
[EventDate "2022.04.07"]
[EventType "tourn"]
[EventRounds "11"]
[EventCountry "POL"]
[SourceTitle "EXT 2023"]
[Source "ChessBase"]
[SourceDate "2022.10.05"]
[SourceVersion "1"]
[SourceVersionDate "2022.10.05"]
[SourceQuality "1"]

1. Nf3 d5 2. d4 Nf6 3. e3 e6 4. Bd3 c5 5. b3 Nc6 6. 0-0 Be7 7. Bb2 0-0 8. a3 a6 9. Nbd2 b5 10. dxc5 Bxc5 11. b4 Be7 12. e4 dxe4 13. Nxe4 Bb7 14. Rc1 Nxe4 15. Bxe4 Qxd1 16. Rfxd1 f5 17. Bd3 Bf6 18. Bxf6 gxf6 19. c4 Ne5 20. Nxe5 fxe5 21. cxb5 axb5 22. Rc3 Rfd8 23. Rdc1 Bc6 24. Rxc6 Rxd3 25. Rxe6 Rdxa3 26. Rxe5 Ra1 27. Ree1 Rxc1 28. Rxc1 Ra4 29. Rb1 Kf7 30. g3 Ke6 31. f4 Kf6 32. Rb2 Kg6 33. Kf2 Ra3 34. Ke2 h5 35. Rd2 h4 36. Rd6+ Kh5 37. gxh4 Kg4 38. Rd5 Kxf4 39. Rxb5 Ra2+ 1/2-1/2

[Event "Warsaw YMCA Spring-B 258th"]
[Site "Warsaw"]
[Date "2022.05.26"]
[Round "8"]
[White "Pichurko, Jakub"]
[Black "Milczarek, Robert"]
[Result "1/2-1/2"]
[WhiteElo "1767"]
[BlackElo "1668"]
[PlyCount "85"]
[EventDate "2022.04.07"]
[EventType "tourn"]
[EventRounds "11"]
[EventCountry "POL"]
[SourceTitle "EXT 2023"]
[Source "ChessBase"]
[SourceDate "2022.10.05"]
[SourceVersion "1"]
[SourceVersionDate "2022.10.05"]
[SourceQuality "1"]

1. Nf3 Nf6 2. d4 g6 3. Bf4 Bg7 4. e3 0-0 5. Be2 d6 6. h3 c5 7. c3 Qb6 8. Qb3 Be6 9. Qxb6 axb6 10. a3 Bd5 11. Nbd2 Bc6 12. c4 cxd4 13. exd4 d5 14. 0-0 dxc4 15. Nxc4 Nbd7 16. Be5 Nd5 17. Bxg7 Kxg7 18. Ne3 Nf4 19. Bd1 Rfd8 20. h4 Nf6 21. g3 N4d5 22. Ne5 Bb5 23. Re1 e6 24. Rc1 Rac8 25. Bf3 Bc6 26. Bg2 Nxe3 27. fxe3 Bxg2 28. Kxg2 Ne4 29. Red1 f6 30. Nf3 Rc6 31. Rxc6 bxc6 32. Rc1 Rd6 33. b4 Kf7 34. a4 Rd7 35. Rxc6 Ra7 36. Rxb6 Rxa4 37. Rb7+ Kg8 38. b5 Ra2+ 39. Kh1 Nf2+ 40. Kg1 Nh3+ 41. Kh1 Nf2+ 42. Kg1 Nh3+ 43. Kh1 1/2-1/2

[Event "Warsaw YMCA Spring-A 257th"]
[Site "Warsaw"]
[Date "2022.05.06"]
[Round "5"]
[White "Kaminski, Maciej1111"]
[Black "Pichurko, Jakub"]
[Result "1-0"]
[WhiteElo "1941"]
[BlackElo "1767"]
[PlyCount "97"]
[EventDate "2022.04.08"]
[EventType "tourn"]
[EventRounds "11"]
[EventCountry "POL"]
[SourceTitle "EXT 2023"]
[Source "ChessBase"]
[SourceDate "2022.10.05"]
[SourceVersion "1"]
[SourceVersionDate "2022.10.05"]
[SourceQuality "1"]

1. e4 c6 2. d4 d5 3. e5 Bf5 4. h4 h6 5. g4 Bd7 6. Bd3 c5 7. c3 Nc6 8. Be3 Qb6 9. b3 cxd4 10. cxd4 e6 11. Ne2 Nb4 12. Nbc3 Nxd3+ 13. Qxd3 Ne7 14. f4 Nc6 15. h5 0-0-0 16. Na4 Qa5+ 17. Bd2 Bb4 18. Nc5 Bxd2+ 19. Qxd2 Qxd2+ 20. Kxd2 b6 21. Nxd7 Rxd7 22. Rhc1 Rc7 23. Ke3 f6 24. Nc3 a6 25. Na4 Kb7 26. Nb2 fxe5 27. fxe5 Rf8 28. Rf1 Rcf7 29. Rxf7+ Rxf7 30. Nd3 Kc7 31. Nf4 Kd7 32. Rd1 Na7 33. Rc1 Nb5 34. a4 Na7 35. a5 bxa5 36. Nd3 Ke8 37. Nc5 Rc7 38. Ra1 Rc6 39. Rxa5 Nb5 40. Nxa6 Rc3+ 41. Kd2 Rxb3 42. Rxb5 Rg3 43. Rb8+ Kf7 44. Rb7+ Kg8 45. Nc5 Rxg4 46. Nxe6 Rg3 47. Rxg7+ Rxg7 48. Nxg7 Kxg7 49. Kc3 1-0

[Event "Warsaw-ch 68th"]
[Site "Warsaw"]
[Date "2019.11.12"]
[Round "1"]
[White "Chomczyk, Marek"]
[Black "Pichurko, Jakub"]
[Result "1-0"]
[WhiteElo "2282"]
[BlackElo "1877"]
[PlyCount "63"]
[EventDate "2019.11.12"]
[EventType "swiss"]
[EventRounds "9"]
[EventCountry "POL"]
[SourceTitle "CBM 193 Extra"]
[Source "ChessBase"]
[SourceDate "2020.01.31"]
[SourceVersion "1"]
[SourceVersionDate "2020.01.31"]
[SourceQuality "1"]

1. e4 Nf6 2. e5 Nd5 3. Nc3 Nxc3 4. dxc3 g6 5. Nf3 Bg7 6. Bf4 0-0 7. Qd2 d6 8. 0-0-0 Nc6 9. exd6 cxd6 10. h4 Bg4 11. Be2 Qa5 12. Kb1 Rfe8 13. Bh6 Bf6 14. Bg5 Bg7 15. Nd4 Bxe2 16. Qxe2 Nxd4 17. cxd4 h6 18. Be3 Rac8 19. h5 g5 20. f4 f6 21. d5 a6 22. fxg5 fxg5 23. Bd4 Bf6 24. Rhf1 Qd8 25. Qe4 Rf8 26. Qg6+ Kh8 27. Qxh6+ Kg8 28. Qg6+ Kh8 29. Rf5 Bxd4 30. Qh6+ Kg8 31. Rxg5+ Kf7 32. Qg6# 1-0

[Event "Polanica Zdroj op-B 48th"]
[Site "Polanica Zdroj"]
[Date "2012.08.25"]
[Round "8"]
[White "Pichurko, Jakub"]
[Black "Puroila, Sippo"]
[Result "1-0"]
[WhiteElo "1940"]
[BlackElo "1868"]
[PlyCount "73"]
[EventDate "2012.08.18"]
[EventType "swiss"]
[EventRounds "9"]
[EventCountry "POL"]
[SourceTitle "EXT 2014"]
[Source "ChessBase"]
[SourceDate "2013.11.20"]
[SourceVersion "1"]
[SourceVersionDate "2013.11.20"]
[SourceQuality "1"]

1. c4 e6 2. g3 d5 3. Bg2 Nf6 4. d4 Be7 5. Nc3 c6 6. Nf3 Nbd7 7. b3 Qa5 8. Bd2 Qa6 9. cxd5 cxd5 10. 0-0 0-0 11. e4 Nxe4 12. Nxe4 dxe4 13. Ng5 f5 14. Re1 h6 15. Bf1 Qb6 16. Nxe6 Rf6 17. d5 Ne5 18. Be3 Qd6 19. Bc5 Qd7 20. d6 Nf3+ 21. Kg2 Nxe1+ 22. Qxe1 Bxd6 23. Bc4 Rxe6 24. Rd1 Bxc5 25. Rxd7 Bxd7 26. Qd2 Kh7 27. Qxd7 Rf6 28. h4 Raf8 29. Qxb7 Rd8 30. Qc7 Bb6 31. Qf4 Rd7 32. h5 Re7 33. Qb8 Rfe6 34. Bxe6 Rxe6 35. Qf4 g6 36. g4 fxg4 37. Qf7+ 1-0

[Event "Polanica Zdroj op-B 48th"]
[Site "Polanica Zdroj"]
[Date "2012.08.22"]
[Round "5"]
[White "Mirski, Michal"]
[Black "Pichurko, Jakub"]
[Result "1-0"]
[WhiteElo "1842"]
[BlackElo "1940"]
[PlyCount "55"]
[EventDate "2012.08.18"]
[EventType "swiss"]
[EventRounds "9"]
[EventCountry "POL"]
[SourceTitle "EXT 2014"]
[Source "ChessBase"]
[SourceDate "2013.11.20"]
[SourceVersion "1"]
[SourceVersionDate "2013.11.20"]
[SourceQuality "1"]

1. e4 e6 2. Nf3 d5 3. Nc3 Nf6 4. e5 Nfd7 5. d4 c5 6. dxc5 Nc6 7. Bf4 Bxc5 8. Bd3 Qb6 9. 0-0 Qxb2 10. Nb5 Bb6 11. Rb1 Qxa2 12. Qe2 Qa4 13. g3 h6 14. Nd6+ Ke7 15. Ra1 Qb4 16. Rfb1 Qc5 17. Be3 d4 18. Ne4 Qd5 19. Bc4 Qxe4 20. Bg5+ hxg5 21. Qxe4 g4 22. Qxg4 Kf8 23. Qf4 Bc7 24. Bxe6 Ndxe5 25. Bxf7 Rh6 26. Bg6+ Kg8 27. Nxe5 Bxe5 28. Qf7+ 1-0

[Event "Polanica Zdroj op-B 48th"]
[Site "Polanica Zdroj"]
[Date "2012.08.19"]
[Round "2"]
[White "Pichurko, Jakub"]
[Black "Maruszczak, Joanna"]
[Result "0-1"]
[WhiteElo "1940"]
[BlackElo "1804"]
[PlyCount "64"]
[EventDate "2012.08.18"]
[EventType "swiss"]
[EventRounds "9"]
[EventCountry "POL"]
[SourceTitle "EXT 2014"]
[Source "ChessBase"]
[SourceDate "2013.11.20"]
[SourceVersion "1"]
[SourceVersionDate "2013.11.20"]
[SourceQuality "1"]

1. c4 g6 2. Nc3 Bg7 3. g3 d6 4. Bg2 e5 5. e3 f5 6. Nge2 Ne7 7. d4 0-0 8. 0-0 c6 9. b4 Be6 10. c5 dxc5 11. dxc5 e4 12. Qc2 Nd7 13. Rd1 Nd5 14. Bb2 Nxb4 15. Qd2 Nxc5 16. Nd4 Bxd4 17. exd4 Ncd3 18. Bf1 Qxd4 19. Na4 Qc4 20. Rdc1 Qd5 21. Nc5 Nxc1 22. Qc3 Kf7 23. Qg7+ Ke8 24. Rxc1 b5 25. a3 Na2 26. Nxe6 Qxe6 27. Rc5 Qf7 28. Qe5+ Qe7 29. Qd4 Rd8 30. Qe3 Rd6 31. a4 Nb4 32. axb5 Nd3 0-1

[Event "Polanica Zdroj op-B 48th"]
[Site "Polanica Zdroj"]
[Date "2012.08.18"]
[Round "1"]
[White "Siembab, Bartosz"]
[Black "Pichurko, Jakub"]
[Result "1-0"]
[WhiteElo "2276"]
[BlackElo "1940"]
[PlyCount "75"]
[EventDate "2012.08.18"]
[EventType "swiss"]
[EventRounds "9"]
[EventCountry "POL"]
[SourceTitle "EXT 2014"]
[Source "ChessBase"]
[SourceDate "2013.11.20"]
[SourceVersion "1"]
[SourceVersionDate "2013.11.20"]
[SourceQuality "1"]

1. e4 e6 2. d4 d5 3. Nc3 Nf6 4. Bg5 Be7 5. e5 Nfd7 6. h4 a6 7. Qg4 f6 8. exf6 Nxf6 9. Bxf6 Bxf6 10. 0-0-0 0-0 11. Qg3 Nc6 12. Nf3 b5 13. Bd3 Nb4 14. a3 Nxd3+ 15. Rxd3 b4 16. axb4 Qe7 17. Na4 Qxb4 18. Nc5 Bxd4 19. Rxd4 Qxc5 20. Rg4 Qe7 21. Ne5 c5 22. h5 Qf6 23. h6 Ra7 24. hxg7 Rxg7 25. Rh5 h6 26. Ng6 e5 27. Rxh6 Bxg4 28. Rh8+ Kf7 29. Rxf8+ Kxg6 30. Rxf6+ Kxf6 31. Qh4+ Kf7 32. Qd8 Be6 33. g3 c4 34. Qd6 Kf6 35. Qf8+ Rf7 36. Qh6+ Ke7 37. Qg5+ Kd6 38. Qd8+ 1-0